| 000 | 00867cam a22002533a 4500 | ||
|---|---|---|---|
| 001 | 4701 | ||
| 003 | PGUSA | ||
| 005 | 20140828083105.0 | ||
| 008 | 031201s2003||||xxu|||||s|||||000 | eng d | ||
| 040 |
_aPGUSA _beng |
||
| 042 | _adc | ||
| 050 | 4 | _aBJ | |
| 100 | 1 |
_aRuskin, John, _d1819-1900 |
|
| 245 | 1 | 4 |
_aThe Ethics of the Dust _h[electronic resource] / _cJohn Ruskin |
| 260 |
_bProject Gutenberg, _c2003 |
||
| 505 | 0 | _aThe valley of diamonds -- The pyramid builders -- The Crystal life -- The crystal orders -- Crystal virtues -- Crystal quarrels -- Home virtues -- Crystal caprice -- Crystal sorrows -- The Crystal rest. | |
| 506 | _aPublic domain in the USA. | ||
| 516 | _aElectronic text | ||
| 653 | _aConduct of life | ||
| 653 | _aCrystallography | ||
| 830 | 0 |
_aProject Gutenberg _v4701 |
|
| 856 | 4 | 0 | _uhttp://www.gutenberg.org/ebooks/4701 |
| 942 | _cEB | ||
| 999 |
_c234030 _d234030 |
||